| 000 | 00501nmm a2200157Ia 4500 | ||
|---|---|---|---|
| 008 | 251105s9999||||xx |||||||||||||||||und|| | ||
| 020 | _a9788425227462 | ||
| 041 | _aspa | ||
| 100 | _aLlop, Rosa | ||
| 245 | 0 |
_aUn sistema gráfico para las cubiertas de libros : _b Hacia un lenguaje de parámetros |
|
| 264 |
_a[Madrid, España] : _bEditorial Gustavo Gili, _c2014 |
||
| 300 | _a128 páginas | ||
| 650 | _aDesign and fashion | ||
| 856 | _uhttps://public.digitaliapublishing.com/a/41392 | ||
| 942 | _cCF | ||
| 999 |
_c80291 _d80291 |
||